| 000 | 00394nam a2200145Ia 4500 | ||
|---|---|---|---|
| 008 | 140529s9999 xx 000 0 und d | ||
| 020 | _a9789712723735 | ||
| 050 |
_aPN 6790.P6 _b.R29 2010 |
||
| 245 |
_aRenaissance : _bangĀ mulingĀ pagsilang. |
||
| 260 |
_aManila, Philippines : _bAnvil, _cc2010. |
||
| 300 |
_a133 p. : _bill. ; _c28 cm. |
||
| 521 | _aGE | ||
| 942 |
_kLOC _cBK |
||
| 999 |
_c117722 _d117722 |
||